000 00771nam a2200289Ia 4500
005 20260324124449.0
008 008 260324s9999 xx 000 0 eng d
020 _a9780429206245
037 _aEBOOK
040 _aCRL
040 _beng
040 _cCRL
041 _2eng
041 _aeng
084 _qCRL
100 _aMartin Anderson
_91165567
245 0 _aContemporary Ergonomics and Human Factors 2010
245 0 _bProceedings of the International Conference on Contemporary Ergonomics and Human Factors 2010, Keele, UK
260 _bTaylor and Francis
260 _c2010
365 _a
365 _b385
856 _uhttp://www.taylorfrancis.com/books/9780429206245
942 _cEBOOK
999 _c1768649
_d1768649